Every Express Train in SCR - Statistics

General Stats
  • This quiz has been taken 28 times
  • The average score is 6 of 7
Answer Stats
Picture Answer % Correct
HST
100%
HST (Buffer)
100%
Class 801
94%
Class 220
83%
Class 221
83%
Class 397
83%
Class 143 (Quadruple)
44%
No matching quizzes found
Score Distribution
Percent of People with Each Score
Percentile by Number Answered
Your Score History
You have not taken this quiz